=LDR 00000nam 2200000 4500 =001 INLIS000000000034597 =005 20130612140509 =008 ***********************************ind** =035 ##$$0010-061300000034597 =041 ##$$a ind =082 ##$$a 028.5 =090 ##$$a 028.5, Man,b =100 ##$$a Man-Kong, Mary =245 ##$$a Barbie the Island Princess, Mary Man - Kong; Alih Bahasa, Ramayanti =260 ##$$a 2008 $b Jakarta =650 ##$$a Bacaan Kanak-Kanak =700 ##$$a Ramayanti =850 ##$$a NBPNMAT